000 00296nam a22001337a 4500
008 171027b xxu||||| |||| 00| 0 eng d
020 _a2900136113651
041 _aeng
080 _27 ED
_a336
100 _a56
101 _aFIN
245 _aFOUNDATIONS FINANCE
_cPETTY.K.M
942 _2udc
_cBK
999 _c36245
_d36245